000 00554nam a2200193 a 4500
001 10319
003 CO-ViMGA
008 141112s2004 ck r 000 u spa d
040 _aCO-ViMGA
_bspa
_cCO-ViMGA
082 0 4 _a340.10987 A73a
100 1 _aArdila Duarte ; Benjamin,
_913578
245 1 0 _aAndres Bello Jurisperito en América
260 _aBogotá :
_bBanco de la República,
_c1982
300 _a252p.
490 _aBreviarios Colombianos No12
650 1 4 _aBELLO ANDRES
_913579
650 1 4 _aCRITICA E INTERPRETACION
_955140
942 _2ddc
_cBK
999 _c21672
_d21672